[Event "1st GMA Cup"]
[Site "Manila PHI"]
[Date "2006.11.18"]
[Round "3"]
[White "Zhang Pengxiang"]
[Black "Vakhidov,T"]
[Result "1-0"]
[WhiteElo "2636"]
[BlackElo "2522"]

1.d4 Nf6 2.Bg5 g6 3.Bxf6 exf6 4.e3 Bg7 5.Ne2 d6 6.g3 Nd7 7.Bg2 f5 8.c4 O-O
9.Nbc3 c6 10.O-O Re8 11.Qd3 a5 12.b3 h5 13.a3 Nb6 14.b4 Be6 15.c5 Bc4 16.Qc2 Nd7
17.Rfb1 axb4 18.axb4 Rxa1 19.Rxa1 dxc5 20.bxc5 Nxc5 21.Qb1 Ne4 22.Bxe4 fxe4
23.Qxb7 c5 24.Rd1 cxd4 25.Nxd4 Bd3 26.Nd5 Qd6 27.Nc6 Kh7 28.Nf4 Kg8 29.Nxd3 exd3
30.Qb5 Re6 31.Nb4 Re5 32.Qc4 d2 33.Nd3 Rd5 34.Rxd2 h4 35.Rd1 hxg3 36.hxg3 Bh6
37.Kf1 Bg7 38.Ke2 Bf6 39.Ne5  1-0

[Event "Bundesliga 2006-7"]
[Site "Hamburg GER"]
[Date "2006.11.19"]
[Round "4"]
[White "Wojtaszek,R"]
[Black "Landa,K"]
[Result "1/2-1/2"]
[WhiteElo "2630"]
[BlackElo "2570"]

1.d4 Nf6 2.Bg5 d5 3.Bxf6 exf6 4.e3 Be6 5.g3 c6 6.Bg2 f5 7.Nd2 Nd7 8.Ne2 Bd6
9.Rc1 Nf6 10.O-O O-O 11.c4 dxc4 12.Nxc4 Bd5 13.Nxd6 Qxd6 14.Nc3 Bxg2 15.Kxg2 Rfe8
16.Qf3 g6 17.Rfd1 Rad8 18.a3 Ne4  1/2-1/2

[Event "TCh-FIN 2006-7"]
[Site "Tampere FIN"]
[Date "2006.11.19"]
[Round "5"]
[White "Karttunen,M"]
[Black "Miezis,N"]
[Result "1-0"]
[WhiteElo "2422"]
[BlackElo "2527"]

1.d4 Nf6 2.Bg5 d5 3.Nd2 c6 4.e3 Qb6 5.b3 Bf5 6.Bxf6 gxf6 7.Ne2 e5 8.a3 Nd7
9.b4 Qc7 10.Ng3 Be6 11.Be2 Bd6 12.c4 dxc4 13.Nxc4 Be7 14.O-O h5 15.Rc1 h4
16.Ne4 Rg8 17.Kh1 Rd8 18.f4 exf4 19.exf4 Nb6 20.f5 Bd5 21.Ncd2 Qd7 22.Qe1 h3
23.g4 Bxe4+ 24.Nxe4 Qxd4 25.Bf3 Nd5 26.Nc5 b6 27.Nb7 Rd7 28.Rxc6 Kf8 29.Rc1 Ne3
30.Rg1 Rxg4 31.Rc8+ Kg7 32.Rc1 Ng2 33.Qe2 Rf4 34.Rcd1 Qxd1 35.Rxd1 Rxd1+
36.Qxd1  1-0

[Event "ch-Nassau"]
[Site "Mineola USA"]
[Date "2006.11.20"]
[Round "6"]
[White "Guevara,R"]
[Black "Salman,J"]
[Result "0-1"]
[WhiteElo "2114"]
[BlackElo "2185"]

1.d4 Nf6 2.Bg5 c5 3.d5 Qb6 4.Nc3 Qxb2 5.Bd2 Qb6 6.e4 d6 7.f4 e6 8.Nf3 exd5
9.exd5 Be7 10.Rb1 Qd8 11.Bc4 O-O 12.O-O Nbd7 13.Re1 Nb6 14.Qe2 Re8 15.Bb5 Bd7
16.Qd3 Bf8 17.Rxe8 Bxe8 18.Ng5 h6 19.Nge4 Nxe4 20.Nxe4 Bxb5 21.Rxb5 Qd7 22.c4 Qf5
23.Rb1 Re8 24.Re1 Rc8 25.g3 Qd7 26.Ba5 Na8 27.Qb3 b6 28.Bc3 Nc7 29.a4 Re8
30.Qc2 f5 31.Nf2 Rxe1+ 32.Bxe1 a6 33.Nd1 b5 34.axb5 axb5 35.Ne3 g6 36.g4 Qe8
37.Kf2 fxg4 38.Ba5 b4 39.Bxc7 Qf7 40.Kg3 g5 41.Qf5 Qxf5 42.Nxf5 b3 43.fxg5 hxg5
44.Kxg4 b2 45.Kxg5 b1=Q 46.Bxd6 Qc1+ 47.Kf6 Qxc4 48.Bxf8 Kxf8 49.Ke5 Qe2+
50.Kf6 c4 51.d6 Ke8  0-1

[Event "ch-CRO"]
[Site "Kutina CRO"]
[Date "2006.11.21"]
[Round "11"]
[White "Brumen,D"]
[Black "Saric,Iv"]
[Result "0-1"]
[WhiteElo "2368"]
[BlackElo "2482"]

1.d4 Nf6 2.Bg5 d5 3.Bxf6 gxf6 4.c4 dxc4 5.e3 c5 6.d5 b5 7.a4 Bb7 8.axb5 Qxd5
9.Qxd5 Bxd5 10.Nd2 Nd7 11.Ne2 e6 12.Nc3 Nb6 13.e4 Bb7 14.Nxc4 Nxc4 15.Bxc4 Bd6
16.O-O Be5 17.Ra3 Kd7 18.Rfa1 Kc7 19.Be2 Rhd8 20.Kf1 Rd2 21.Rc1 Rad8 22.Na4 Kb8
23.Rb3 Bxe4 24.Nxc5 Bd5 25.Rh3 Bxb2 26.Rb1 Bxg2+ 27.Kxg2 Rxe2 28.Rxh7 Rdd2
29.Rf1 Bd4 30.Nb3 Rxf2+ 31.Rxf2 Rxf2+ 32.Kg3 Bb6 33.Na5 Rf5 34.Nc6+ Kb7 35.Rxf7+ Bc7+
36.Kg2 Rxb5 37.Nd8+ Kb6 38.Nxe6 Rb2+ 39.Kf3 Be5 40.h4 Rh2 41.Kg4 a5 42.Rf8 a4
43.Ra8 Kb5 44.h5 Kb4 45.Nd8 a3 46.Nc6+ Kb3 47.Na5+ Kc3 48.Nc6 Kb2 49.Nb4 Kb3
50.Nd3 Rg2+ 51.Kh4 Rh2+ 52.Kg4 Bb2 53.Nxb2 axb2 54.Rb8+ Kc2 55.Rc8+ Kd1 56.Rd8+ Kc1
57.Rc8+ Rc2  0-1

[Event "19th Belgrade Trophy"]
[Site "Belgrade SRB"]
[Date "2006.11.23"]
[Round "2"]
[White "Ostojic,N"]
[Black "Popovic,Al"]
[Result "1-0"]
[WhiteElo "2412"]
[BlackElo "2045"]

1.d4 Nf6 2.Bg5 c5 3.Bxf6 exf6 4.dxc5 Bxc5 5.e3 Qb6 6.Qc1 d5 7.c3 O-O 8.Nf3 f5
9.g3 Re8 10.Be2 a5 11.Nbd2 f4 12.gxf4 Bxe3 13.fxe3 Qxe3 14.Nd4 Nc6 15.N2f3 Nxd4
16.Nxd4 Qh3 17.Qd2 Qh4+ 18.Kd1 Bh3 19.Bd3  1-0

[Event "19th Belgrade Trophy"]
[Site "Belgrade SRB"]
[Date "2006.11.23"]
[Round "2"]
[White "Marcetic,N"]
[Black "Maksimovic,Mir"]
[Result "1-0"]
[WhiteElo "2367"]
[BlackElo "2203"]

1.d4 Nf6 2.Bg5 g6 3.Bxf6 exf6 4.e3 Bg7 5.c4 d6 6.Nc3 O-O 7.g3 f5 8.Bg2 Nd7
9.h4 Nf6 10.Nge2 c6 11.b4 Be6 12.Qd3 d5 13.c5 b5 14.O-O a5 15.bxa5 Rxa5 16.Rfb1 Qa8
17.Qc2 Ra3 18.Rb2 Ne4 19.Nb1 Ra5 20.f3 Nf6 21.a4 Bh6 22.Kf2 Re8 23.Rb4 Bd7
24.Ra3 bxa4 25.Nd2 Nh5 26.Nf1 Nf6 27.Nc1 Rb8 28.Rbxa4 Rxa4 29.Rxa4 Qb7 30.Nd3 Bc8
31.Nd2 Bf8 32.Bf1 Nd7 33.Qa2 Qc7 34.Nb4 Be7 35.Ra7 Rb7 36.Ra4 Nf6 37.Ba6 Rb8
38.Bxc8 Qxc8 39.Qa3 Nh5 40.Ra7 Bf6 41.f4 Qe8 42.Na6 Rc8 43.Nc7 Qd8 44.Qa6 Bxh4
45.gxh4 Qxh4+ 46.Ke2 Qh2+ 47.Kd3 Rf8 48.Qxc6 Ng3 49.Nxd5 Qe2+ 50.Kc3 Ne4+
51.Nxe4 fxe4 52.Ne7+ Kg7 53.Qxe4 Qe1+ 54.Kc4 Qc1+ 55.Kd5 Rd8+ 56.Kc6  1-0

[Event "19th Belgrade Trophy"]
[Site "Belgrade SRB"]
[Date "2006.11.23"]
[Round "2"]
[White "Tasic,Z"]
[Black "Petrovic,Mil"]
[Result "1-0"]
[WhiteElo "2164"]
[BlackElo "2040"]

1.d4 d5 2.Bg5 Nf6 3.Nc3 Bf5 4.e3 e6 5.Bd3 Bxd3 6.cxd3 Be7 7.f4 O-O 8.Nf3 c5
9.O-O Nc6 10.Rc1 cxd4 11.exd4 h6 12.Bh4 Qd6 13.Qd2 Qb4 14.a3 Qb3 15.Ne2 Qb6
16.Rc3 a5 17.Kh1 a4 18.Bf2 Na5 19.Qc2 Nb3 20.Nc1 Nxc1 21.Qxc1 Rfd8 22.Bg1 Bd6
23.Rf2 Qb5 24.Rfc2 Kh7 25.Ne5 Rf8 26.Qd1 g6 27.Qf3 Kg7 28.Qh3 Rae8 29.Be3 Rh8
30.Qg3 h5 31.Rc7 Bxe5 32.fxe5 Nd7 33.Bg5 Rh7 34.Qf3 Kg8 35.h4 Rf8 36.Be7 Re8
37.Rc8 Nb6 38.Rxe8+ Qxe8 39.Bf6 Nd7 40.Rc7 b6 41.Bg5 f6 42.exf6 Nxf6 43.Rxh7 Nxh7
44.Bh6 Qf7 45.Qg3 Nf6 46.Qb8+ Kh7 47.Qf4 Kg8 48.Qb8+ Qe8 49.Qc7 Nd7 50.Kg1 Qf7
51.Bf4 Qg7 52.Qd8+ Kh7 53.Kf1 Qf7 54.g3 e5 55.dxe5 Nxe5 56.Ke2 Nd7 57.Kd2 Qe6
58.Qc7 Kg7 59.Be3 Kf7 60.Qf4+ Ke7 61.Bd4 Qf5 62.Qxf5 gxf5 63.Kc3 Kd6 64.Kb4 Nc5
65.Kb5 Nxd3 66.Kxb6 Ne5 67.Kb5 Nc6 68.Bc5+ Kc7 69.Kxa4 d4 70.Kb3  1-0

[Event "19th Belgrade Trophy"]
[Site "Belgrade SRB"]
[Date "2006.11.26"]
[Round "5"]
[White "Stamenkovic,Dr"]
[Black "Rankovic,SI"]
[Result "1-0"]
[WhiteElo "2404"]
[BlackElo "2139"]

1.d4 Nf6 2.Bg5 d5 3.Bxf6 exf6 4.e3 Bd6 5.Bd3 Nc6 6.c3 Ne7 7.Qf3 c6 8.Nd2 Be6
9.Ne2 Qd7 10.h3 Bf5 11.e4 dxe4 12.Nxe4 Bxe4 13.Bxe4 f5 14.Bc2 g6 15.O-O-O O-O-O
16.Bb3 Ng8 17.g4 fxg4 18.hxg4 Rf8 19.Rde1 Qe7 20.Kb1 Qg5 21.Ng1 h5 22.Bd1 Nf6
23.Nh3 hxg4 24.Nxg5 gxf3 25.Rxh8 Rxh8 26.Nxf7  1-0

[Event "XIV Salona GM"]
[Site "Solin CRO"]
[Date "2006.11.26"]
[Round "3"]
[White "Stefanova,A"]
[Black "Romanishin,O"]
[Result "1/2-1/2"]
[WhiteElo "2489"]
[BlackElo "2542"]

1.d4 Nf6 2.Bg5 d5 3.Bxf6 exf6 4.e3 Be6 5.g3 c6 6.Bg2 Qb6 7.b3 a5 8.Ne2 a4
9.Nd2 Bf5 10.e4 dxe4 11.O-O Be7 12.Nc4 Qd8 13.Nc3 O-O 14.Nxe4 Be6 15.Qd3 Na6
16.c3 f5 17.Ned2 Bf6 18.Qc2 axb3 19.axb3 Nc7 20.b4 Rxa1 21.Rxa1 Nb5 22.Re1 g6
23.Ne5 Re8 24.Nd3 Bc8 25.Rd1 Bg7 26.Nb3 Na3 27.Qa2 Nb5 28.Qd2 Nd6 29.Nb2 Ne4
30.Qc2 Nd6 31.Nd3 h5 32.c4 Be6 33.Na5 Bc8 34.d5 cxd5 35.Bxd5 Qc7 36.Nf4 Kh7
37.c5 Ne4 38.Qb3 Rf8 39.Ne2 Nxc5 40.bxc5 Qxa5 41.Bxf7 Qc7 42.Bd5 Qxc5 43.Bxb7 Qe7
44.Bxc8 Qxe2 45.Bb7 Qb2  1/2-1/2

[Event "19th Belgrade Trophy"]
[Site "Belgrade SRB"]
[Date "2006.11.27"]
[Round "6"]
[White "Nikolov,M"]
[Black "Hardarson,R"]
[Result "1/2-1/2"]
[WhiteElo "2448"]
[BlackElo "2310"]

1.d4 Nf6 2.Bg5 c5 3.Bxf6 gxf6 4.d5 d6 5.c4 Bg7 6.Nc3 f5 7.Qc2 Qa5 8.e3 O-O
9.Bd3 Na6 10.Ne2 Nb4 11.Qd2 Nxd3+ 12.Qxd3 b5 13.cxb5 a6 14.b6 Rb8 15.O-O Rxb6
16.Rab1 Bd7 17.Rfc1 Rfb8 18.b3 Qb4 19.Ng3 f4 20.Nh5 fxe3 21.Qxe3 Bf5 22.Qg5 Qg4
23.Qxg4 Bxg4 24.Nxg7 Kxg7 25.Re1 Kf8 26.h3 Bd7 27.g4 Rb4 28.Re2 c4 29.Rbe1 cxb3
30.Rxe7 bxa2 31.Nxa2 Rb1 32.Nc3 Rxe1+ 33.Rxe1 a5 34.Ne4 Re8 35.f3 f5  1/2-1/2

[Event "FSGM December"]
[Site "Budapest HUN"]
[Date "2006.12.02"]
[Round "1"]
[White "Hoang Thanh Trang"]
[Black "Szabo,Kr1"]
[Result "1/2-1/2"]
[WhiteElo "2470"]
[BlackElo "2476"]

1.d4 Nf6 2.Bg5 d5 3.e3 c5 4.Bxf6 gxf6 5.dxc5 e6 6.Nc3 Bxc5 7.Qh5 Nd7 8.O-O-O f5
9.Nf3 a6 10.h3 Nf6 11.Qh4 Qe7 12.Qa4+ Bd7 13.Qb3 b5 14.Ne5 Bc8 15.Be2 Bd6
16.Nd3 b4 17.Na4 Qc7 18.a3 bxa3 19.bxa3 Rb8 20.Qc3 Qxc3 21.Nxc3 Bxa3+ 22.Kd2 Bd6
23.Rb1 Rxb1 24.Rxb1 Ke7 25.Nb4 Bxb4 26.Rxb4 Rd8 27.Na4 Nd7 28.Rh4 Rh8 29.Rb4 Kd6
30.c4 dxc4 31.Kc3 Rd8 32.Nb2 Nc5 33.Nxc4+ Kc7 34.f3 f6 35.Na5 e5 36.Rh4 Rd7
37.Kb4 Nd3+ 38.Bxd3 Rxd3 39.Rxh7+ Rd7 40.Rxd7+ Bxd7 41.Kc5 f4 42.exf4 exf4
43.Nb3 Kd8 44.Nd4 a5 45.Ne2 Ke7 46.Nxf4 f5 47.Nd5+ Kf7 48.Nb6 Be8 49.Nc4 a4
50.Kb4 Kf6 51.f4 Ke6 52.Nb6 Kd6 53.Nxa4 Kd5 54.Nc5 Kd4 55.Ne6+ Ke3 56.Kc5 Kf2
57.g4 fxg4 58.hxg4 Kf3 59.g5 Ke4 60.Kd6 Kf5 61.Ke7 Bg6 62.Nd4+ Kxf4 63.Kf6 Bb1  1/2-1/2

[Event "ch-Nassau"]
[Site "Mineola USA"]
[Date "2006.12.04"]
[Round "9"]
[White "Tamarkin,L"]
[Black "Salman,J"]
[Result "1-0"]
[WhiteElo "2151"]
[BlackElo "2185"]

1.d4 Nf6 2.Bg5 c5 3.Bxf6 gxf6 4.d5 Qb6 5.Qc1 Bg7 6.e3 f5 7.c3 e6 8.Bc4 Na6
9.Ne2 Nc7 10.Nf4 Qd6 11.dxe6 fxe6 12.a4 O-O 13.O-O Qe7 14.Na3 d5 15.Ba2 Bd7
16.Qc2 Bc6 17.Rad1 Rad8 18.Rd2 a6 19.Qd1 Qe8 20.Bb3 Qe7 21.Ba2 b6 22.Re1 c4
23.Nb1 Rb8 24.b3 b5 25.axb5 axb5 26.b4 Ra8 27.Nh5 Bh8 28.Qf3 Qg5 29.Qh3 Ra7
30.Ree2 Be8 31.Nf4 Bf7 32.Qg3 h6 33.Nh3 Qxg3 34.hxg3 Rd8 35.f3 e5 36.Nf2 Be8
37.g4 fxg4 38.Nxg4 h5 39.Nh6+ Kh7 40.Nf5 Bg6 41.g4 Bxf5 42.gxf5 Rf8 43.e4 d4
44.Rh2 Kh6 45.Rdg2 Ra6 46.cxd4 exd4 47.f4 Ne8 48.Na3 c3 49.Nxb5 d3 50.Rg5 Nf6
51.Nxc3 Rc8 52.Nd1 Rc1 53.Rg6+ Kh7 54.Bg8+ Nxg8 55.Rxh5+ Nh6 56.Rhxh6+  1-0

[Event "Open"]
[Site "Granada ESP"]
[Date "2006.12.08"]
[Round "7"]
[White "Simacek,P"]
[Black "Mateo,Ra"]
[Result "1/2-1/2"]
[WhiteElo "2479"]
[BlackElo "2415"]

1.d4 Nf6 2.Bg5 d5 3.Bxf6 exf6 4.e3 c6 5.c4 Be6 6.cxd5 Qxd5 7.Nc3 Qa5 8.Bd3 Bd6
9.Ne2 f5 10.Rc1 Nd7 11.O-O Nf6 12.a3 O-O 13.g3 Kh8 14.Qc2 g6 15.f3 Qd8 16.Qd2 Bc7
17.Na4 Bd5 18.Nac3 Be6 19.Na4 Bd5 20.Nac3 Be6 21.Na4 Bd5 22.Nac3  1/2-1/2

[Event "13th Open A"]
[Site "Zadar CRO"]
[Date "2006.12.12"]
[Round "2"]
[White "Sedlak,N"]
[Black "Mestrovic,Z"]
[Result "1-0"]
[WhiteElo "2549"]
[BlackElo "2308"]

1.d4 Nf6 2.Bg5 g6 3.Bxf6 exf6 4.c4 d5 5.cxd5 Qxd5 6.Nc3 Qd8 7.e3 c6 8.g3 h5
9.h4 Bd6 10.Bg2 O-O 11.Nge2 Bg4 12.Qd2 Bxe2 13.Nxe2 f5 14.O-O Nd7 15.Rab1 Nf6
16.b4 a6 17.a4 Qe7 18.Bf3 Rfd8 19.Kg2 Ne4 20.Qb2 a5 21.bxa5 Rxa5 22.Qxb7 Nd2
23.Qxe7 Bxe7 24.Rb7 Nxf1 25.Kxf1 Kf8 26.Bxc6 Raa8 27.Rb2 Rac8 28.Bb7 Rb8
29.a5 Rd6 30.Rb5 Bd8 31.a6 Bb6 32.Nc3 Ba7 33.Ra5 Rd7 34.Nb5 Bb6 35.Ra2 Re7
36.Bc6 Ba7 37.d5 f6 38.d6 Rg7 39.d7  1-0

[Event "XIX Carlos Torre Mem"]
[Site "Merida MEX"]
[Date "2006.12.14"]
[Round "1"]
[White "Alonso Arteaga,L"]
[Black "Zapata,A"]
[Result "1/2-1/2"]
[WhiteElo "2097"]
[BlackElo "2470"]

1.d4 Nf6 2.Bg5 c5 3.Bxf6 gxf6 4.dxc5 Na6 5.Nc3 Nxc5 6.Nf3 e6 7.e4 d6 8.Bc4 a6
9.a4 Bd7 10.Qe2 Bg7 11.O-O O-O 12.Rfd1 Qc7 13.a5 Rfc8 14.Ba2 b6 15.axb6 Qxb6
16.Rab1 Rab8 17.Nd2 Na4 18.Nc4 Nxc3 19.bxc3 Qc5 20.Nxd6 Rxb1 21.Bxb1 Bb5
22.c4 Bxc4 23.Nxc4 Qxc4 24.Rd8+ Bf8 25.Qg4+ Kh8 26.Qf3 Kg7 27.Qg4+  1/2-1/2

[Event "Sub-Zt 2.3.4"]
[Site "Bogota COL"]
[Date "2006.12.19"]
[Round "3"]
[White "Vittorino,C"]
[Black "Tapia,D"]
[Result "1/2-1/2"]
[WhiteElo "2328"]
[BlackElo "2295"]

1.d4 Nf6 2.Bg5 d5 3.Bxf6 exf6 4.e3 Bd6 5.g3 O-O 6.Bg2 c6 7.Nd2 Bf5 8.Ne2 Re8
9.O-O Nd7 10.c4 dxc4 11.Nxc4 Bf8 12.Nc3 Nb6 13.Na5 Qd7 14.a3 Nd5 15.Qb3 Nb6
16.e4 Bg4 17.d5 cxd5 18.exd5 Rac8 19.Nb5 Be2 20.Nxa7 Bxf1 21.Rxf1 Rc7 22.d6 Qxd6
23.Nb5 Qe7 24.Nxc7 Qxc7 25.Nxb7 Nd7 26.a4 Nc5 27.Nxc5 Qxc5 28.Bd5 Re7 29.Qc4 Qa5
30.Rd1 g6 31.Kg2 Rc7 32.Qb3 Kg7 33.Rd3 Bb4 34.Qd1 Re7 35.b3 Qc5 36.Bc4 Re5
37.Rd7 Qc6+ 38.Rd5 h5 39.Qf3 Re1 40.Rd3 Qc7 41.h4 Bc5 42.Qa8 Re2 43.Rf3 Rd2
44.a5 Qe7 45.Qc6 Bd4 46.a6 Qe1 47.Qd5 Kh6 48.Qxf7 Rxf2+ 49.Rxf2 Qxf2+ 50.Kh3 Qe2  1/2-1/2

[Event "1st Hotel Bern Open"]
[Site "Bern SUI"]
[Date "2006.12.26"]
[Round "1"]
[White "Kurschat,S"]
[Black "Gonda,L"]
[Result "0-1"]
[WhiteElo "1899"]
[BlackElo "2495"]

1.d4 Nf6 2.Bg5 d5 3.Bxf6 gxf6 4.e3 c5 5.Nc3 Nc6 6.dxc5 e6 7.Qh5 Bxc5 8.O-O-O f5
9.g4 fxg4 10.Qxg4 Bd7 11.Nf3 Qf6 12.Be2 O-O-O 13.Qg5 Qxg5 14.Nxg5 Ne5 15.Nh3 Bc6
16.Rhg1 d4 17.exd4 Bxd4 18.Nb5 Bc5 19.Rxd8+ Rxd8 20.Nc3 Rd4 21.Rg5 f6 22.Rh5 Rd7
23.Rh6 Rf7 24.Nd1 Bf3 25.Nf4 Bxe2 26.Nxe2 Ng4 27.Rh5 f5 28.f3 Ne5 29.Rh3 Ng6
30.c3 Kd7 31.b4 Bd6 32.Nb2 e5 33.Nc4 Be7 34.Nd2 Ke6 35.Kc2 Bg5 36.Rg3 h6
37.Rg1 Rd7 38.Nb1 Nh4 39.Rf1 Ng2 40.Rg1 Ne3+ 41.Kb3 Kf6 42.c4 Rd3+ 43.Nbc3 Kf7
44.Ng3 Bf6 45.Rc1 e4 46.fxe4 f4 47.Nf5 Nxf5 48.exf5 f3  0-1

[Event "Masters"]
[Site "Singapore SIN"]
[Date "2006.12.26"]
[Round "1"]
[White "Tu Hoang Thai"]
[Black "Nguyen Anh Dung"]
[Result "0-1"]
[WhiteElo "2414"]
[BlackElo "2541"]

1.d4 Nf6 2.Bg5 d5 3.e3 c6 4.Nd2 Bf5 5.c4 e6 6.Qb3 Qb6 7.c5 Qc7 8.Bf4 Qc8
9.f3 Nbd7 10.g4 Bg6 11.h4 h6 12.Rc1 Be7 13.Nh3 Bd8 14.Bg3 Bc7 15.Bf2 e5 16.Rg1 O-O
17.g5 hxg5 18.Nxg5 exd4 19.exd4 Nh5 20.Kd1 Nf4 21.Rc3 Nf6 22.Kc1 Qf5 23.Qd1 Rfe8
24.b4 Re7 25.Kb2 Rae8 26.Rb3 N6h5 27.Rg4 Nf6 28.Rg1 N6h5 29.Rg4 f6 30.Nge4 dxe4
31.fxe4 Rxe4 32.Nxe4 Rxe4 33.Ka3 Nd5 34.Rxe4 Qxe4 35.Bd3 Qg2 36.Qf1 Qg4 37.b5 Nhf4
38.Bxg6 Qxg6 39.bxc6 bxc6 40.Bg3 Ne6 41.Bf2 Qc2 42.Qe1 Kf7 43.Rb2 Nxd4 44.Bxd4 Qd3+
45.Rb3 Qxd4  0-1

[Event "1st Open"]
[Site "Illes Medes ESP"]
[Date "2006.12.28"]
[Round "1"]
[White "Mirzoev,A"]
[Black "Bruned,B"]
[Result "1-0"]
[WhiteElo "2543"]
[BlackElo "2211"]

1.d4 Nf6 2.Bg5 c5 3.Bxf6 gxf6 4.e3 cxd4 5.exd4 d5 6.Nf3 Qa5+ 7.c3 Bd7 8.Bd3 Bb5
9.O-O Qa6 10.Bxb5+ Qxb5 11.Nbd2 Nc6 12.a4 Qb6 13.c4 Nxd4 14.cxd5 Rd8 15.Nc4 Nxf3+
16.Qxf3 Qc5 17.Ne3 Bh6 18.Nf5 Bd2 19.d6 e6 20.Ng7+ Kf8 21.Qxf6 Rxd6 22.Nxe6+ Rxe6
23.Qxh8+ Ke7 24.Qxh7 Rg6 25.Qh4+ Ke8 26.Ra3 Qc6 27.Rg3 Rxg3 28.hxg3  1-0

[Event "XVII Cracovia A"]
[Site "Krakow POL"]
[Date "2006.12.28"]
[Round "2"]
[White "Betkowski,A"]
[Black "Marszalek,Mac"]
[Result "0-1"]
[WhiteElo "2225"]
[BlackElo "2402"]

1.d4 Nf6 2.Bg5 c5 3.d5 d6 4.Nc3 Nbd7 5.e4 g6 6.Qd2 a6 7.a4 Qa5 8.Ra3 Bg7
9.f3 O-O 10.Bh6 Bxh6 11.Qxh6 e6 12.Qd2 Qc7 13.g4 exd5 14.Nxd5 Nxd5 15.exd5 Re8+
16.Be2 Ne5 17.Kf1 Bd7 18.h3 b5 19.b3 bxa4 20.bxa4 f6 21.f4 Nf7 22.Nf3 Re4
23.Kg2 Rb8 24.Bxa6 Bxa4 25.Bd3 Reb4 26.Rha1 Bd7 27.Ra8 Qb7 28.Rxb8+ Qxb8
29.Qe3 Qb7 30.Qe7 Rxf4 31.Qe3 Rb4 32.c4 Rxc4  0-1

[Event "27th Open A"]
[Site "Bethune FRA"]
[Date "2006.12.29"]
[Round "8"]
[White "Thorfinnsson,Bj"]
[Black "Jactel,N"]
[Result "1-0"]
[WhiteElo "2317"]
[BlackElo "2089"]

1.d4 Nf6 2.Bg5 c5 3.Bxf6 gxf6 4.d5 Qb6 5.Qc1 Bg7 6.c3 e6 7.e4 f5 8.dxe6 Qxe6
9.Qg5 Qxe4+ 10.Ne2 O-O 11.Nd2 Qe6 12.O-O-O Qh6 13.Qxf5 d5 14.Qxd5 Be6 15.Qe4 Nc6
16.Ng3 Bxa2 17.Nf5 Qe6 18.Qg4 Qg6 19.Qxg6 fxg6 20.Nxg7 Kxg7 21.Ne4 Rad8 22.Bb5 Bd5
23.Nxc5 Bxg2 24.Bxc6 Bxc6 25.Ne6+ Kf6 26.Nxf8 Rxf8 27.Rhe1 Kf7 28.Rd4 g5
29.f4 g4 30.Re5 h6 31.Kd2 Kg6 32.Ke3 a6 33.Kf2 Rf6 34.Kg3 h5 35.Rg5+ Kh6
36.Rd8 Be4 37.Rh8+ Bh7 38.Kh4  1-0

[Event "Masters"]
[Site "Singapore SIN"]
[Date "2006.12.29"]
[Round "7"]
[White "Soon,W"]
[Black "Lou Hongyu"]
[Result "1-0"]
[WhiteElo "2046"]
[BlackElo "2134"]

1.d4 d5 2.Bg5 Nf6 3.Nd2 e6 4.e4 dxe4 5.Nxe4 Be7 6.Ng3 Nbd7 7.Nf3 O-O 8.Be2 c5
9.O-O h6 10.Be3 Qc7 11.c3 b6 12.dxc5 Nxc5 13.Nd4 Bb7 14.Bf3 Rad8 15.Bxb7 Qxb7
16.Qe2 Nd5 17.Bd2 Bd6 18.Nh5 Qe7 19.b4 Qh4 20.g3 Qe4 21.bxc5 Qxe2 22.Nxe2 Bxc5
23.Rad1 e5 24.g4 b5 25.Nhg3 Bb6 26.Bc1 Rd7 27.Rd2  1-0

[Event "Masters"]
[Site "Singapore SIN"]
[Date "2006.12.29"]
[Round "7"]
[White "Tu Hoang Thai"]
[Black "Zhang Jilin"]
[Result "0-1"]
[WhiteElo "2414"]
[BlackElo "2292"]

1.d4 Nf6 2.Bg5 d5 3.e3 g6 4.Nd2 Bg7 5.c3 O-O 6.Bd3 Nbd7 7.f4 c5 8.Qf3 Nb6
9.Ne2 Bg4 10.Qg3 Bd7 11.Qh4 Rc8 12.b3 Re8 13.h3 a6 14.a4 c4 15.bxc4 Nxc4
16.Nxc4 dxc4 17.Bc2 Bc6 18.f5 Bxg2 19.Rg1 Bf3 20.Bh6 e5 21.fxg6 fxg6 22.Bxg7 Kxg7
23.Ng3 exd4 24.cxd4 Rxe3+ 25.Kd2 Re8 26.Kc1 Nh5 27.Nxh5+ Bxh5 28.Rg5 Re1+
29.Kb2 c3+ 30.Ka2 Rxa1+ 31.Kxa1 Qb6 32.Rb5 axb5 33.Qe7+ Kh6 34.h4 Qxd4  0-1

[Event "Weihnachtsopen Masters"]
[Site "Zurich SUI"]
[Date "2006.12.29"]
[Round "6"]
[White "Monteforte,K"]
[Black "Gruner,P"]
[Result "1-0"]
[WhiteElo "2170"]
[BlackElo "2069"]

1.d4 Nf6 2.Bg5 d5 3.e3 e6 4.Bd3 Be7 5.Nd2 c5 6.c3 cxd4 7.exd4 O-O 8.Ngf3 Nbd7
9.O-O h6 10.Bh4 b6 11.Re1 Bb7 12.Qe2 Rc8 13.Bg3 Nh5 14.Be5 Nxe5 15.Qxe5 Nf6
16.Qg3 Bd6 17.Qh3 Nh7 18.g3 Ng5 19.Nxg5 Qxg5 20.f4 Qf6 21.Re2 Bc6 22.Nf3 b5
23.Rf1 Bd7 24.Ng5 Rc7 25.Nh7 Qd8 26.Nxf8 Bxf8 27.g4 g6 28.f5 exf5 29.gxf5 b4
30.Qf3 bxc3 31.fxg6 Bg7 32.gxf7+ Kf8 33.Qxd5 Qg5+ 34.Qxg5 hxg5 35.Bg6 Bxd4+
36.Kg2 Bc6+ 37.Kg3 Rc8  1-0

[Event "Czech Christmas"]
[Site "Litomysl CZE"]
[Date "2006.12.31"]
[Round "8"]
[White "Sabol,M"]
[Black "Krupa,M"]
[Result "1-0"]
[WhiteElo "2310"]
[BlackElo "2309"]

1.d4 Nf6 2.Bg5 c5 3.Bxf6 gxf6 4.d5 f5 5.e3 Qb6 6.b3 Bg7 7.c3 Qa5 8.Qc2 b5
9.Ne2 b4 10.Nd2 d6 11.Rd1 bxc3 12.Nc4 Qb4 13.a3 Qb7 14.Nxc3 Nd7 15.Na4 O-O
16.Be2 Nf6 17.O-O Bd7 18.Nab2 a5 19.Na4 Nxd5 20.Rxd5 Bxa4 21.Rxf5 Bxb3 22.Qb1 Qb5
23.Qe4 h6 24.Bd3 Bxc4 25.Bxc4 Qe8 26.Bd3 Qd7 27.Rf6 Rfb8 28.Rxh6 Kf8 29.Rh7 d5
30.Qf4 Qc6 31.h4 Rb6 32.h5 Qf6 33.h6 Bh8 34.Bg6 Kg8 35.Bf5 e6 36.Qg3+ Kf8
37.Bc2 e5 38.Rd1 Rd8 39.f4 exf4 40.exf4 Qc3 41.Qg5 Bf6 42.Qh5 Qe3+ 43.Kh1 Rb7
44.Qf5 Qe7 45.Kh2 Bc3 46.Rd3 Bb2 47.Rh3 Qf6 48.Qg4 Re8 49.Rg7 Re1 50.Qc8+ Re8
51.Rg8+  1-0

[Event "1st Hotel Bern Open"]
[Site "Bern SUI"]
[Date "2006.12.39"]
[Round "7"]
[White "Bigg,A"]
[Black "Andrist,P"]
[Result "1-0"]
[WhiteElo "2248"]
[BlackElo "2158"]

1.d4 Nf6 2.Bg5 d5 3.Bxf6 exf6 4.e3 Bd6 5.c4 dxc4 6.Bxc4 O-O 7.Nc3 c5 8.dxc5 Bxc5
9.Bxf7+ Kh8 10.Qh5 f5 11.Nf3 Qf6 12.Bb3 Na6 13.O-O g6 14.Qh6 Qg7 15.Qxg7+ Kxg7
16.Rad1 f4 17.exf4 Rxf4 18.Rd8 Rb8 19.Rg8+ Kh6 20.Ne5 Bf5 21.Nf7+ Kh5 22.Rg7 h6
23.Nd5 Rd4 24.Nf6+ Kh4 25.g3+ Kh3 26.Ng5+ hxg5 27.Rh7+ Rh4 28.Bd5  1-0

[Event "Masters 2006-7"]
[Site "Hastings ENG"]
[Date "2007.01.01"]
[Round "5"]
[White "Groffen,H"]
[Black "Britton,R"]
[Result "0-1"]
[WhiteElo "2180"]
[BlackElo "2261"]

1.d4 Nf6 2.Bg5 d5 3.e3 e6 4.c4 Be7 5.Nc3 h6 6.Bxf6 Bxf6 7.Nf3 O-O 8.Qd2 b6
9.O-O-O Bb7 10.cxd5 exd5 11.Bd3 Nd7 12.h4 g6 13.h5 g5 14.Bc2 Re8 15.Qd3 Bg7
16.Qh7+ Kf8 17.Qf5 Nf6 18.Ne5 Bc8 19.Qd3 Ng4 20.Nxg4 Bxg4 21.f3 Be6 22.e4 c6
23.g3 dxe4 24.fxe4 c5 25.d5 Bg4 26.Rd2 Qd6 27.Bd1 Bd7 28.Rf1 Be5 29.Rdf2 Re7
30.g4 a6 31.Be2 b5 32.Kb1 c4 33.Qc2 Bd4 34.e5 Qxe5 35.d6 Qxd6 36.Qh7 Qe6
37.Ka1 Bg7 38.Bf3 Bc6 39.Bxc6 Qxc6 40.Qf5 Rae8 41.a3 b4  0-1

[Event "Hilton Open"]
[Site "Basel SUI"]
[Date "2007.01.02"]
[Round "2"]
[White "Pikula,D"]
[Black "Giertz,N"]
[Result "1-0"]
[WhiteElo "2513"]
[BlackElo "2342"]

1.d4 d5 2.Bg5 Nf6 3.e3 c5 4.Nc3 e6 5.Nf3 Qa5 6.Bxf6 gxf6 7.Bb5+ Nc6 8.O-O a6
9.Bxc6+ bxc6 10.Ne2 Qb6 11.b3 cxd4 12.exd4 c5 13.c3 cxd4 14.cxd4 Bd7 15.Nf4 O-O-O
16.a4 a5 17.Nd3 Kb8 18.Qd2 Ka8 19.Rfc1 Rc8 20.Rxc8+ Bxc8 21.Qc3 Be7 22.Nc5 Bb7
23.Nxb7 Kxb7 24.Rc1 Bd6 25.g3 h6 26.Kg2 Kb8 27.Qd3 f5 28.Qe3 Rc8 29.Rxc8+ Kxc8
30.Qxh6 Qxb3 31.Qh8+ Kb7 32.Qe8  1-0

[Event "Hilton Open"]
[Site "Basel SUI"]
[Date "2007.01.04"]
[Round "4"]
[White "Cebalo,M"]
[Black "Milosevic,Go"]
[Result "1/2-1/2"]
[WhiteElo "2471"]
[BlackElo "2401"]

1.d4 Nf6 2.Bg5 c5 3.d5 Ne4 4.Bf4 Qb6 5.Bc1 g6 6.f3 Nf6 7.e4 d6 8.a4 Bg7 9.Na3 O-O
10.Nc4 Qd8 11.Ne2 Na6 12.Ng3 Nc7 13.Be2 b6 14.O-O Ba6 15.c3 Re8 16.Bf4 Nd7
17.Qd2 Ne5 18.Nxe5 dxe5 19.Be3 Bxe2 20.Nxe2 Qd6 21.b4 cxb4 22.cxb4 e6 23.dxe6 Qxe6
24.Rfd1 Bf8 25.b5 Rec8 26.Qb2 Rd8 27.Rac1 Rxd1+ 28.Rxd1 Re8 29.Qc2 Rc8 30.Rc1 Ba3  1/2-1/2

[Event "13th Festival A"]
[Site "Zupanja CRO"]
[Date "2007.01.04"]
[Round "2"]
[White "Martinovic,Sa"]
[Black "Perunovic,Mil"]
[Result "1/2-1/2"]
[WhiteElo "2378"]
[BlackElo "2547"]

1.d4 Nf6 2.Bg5 d5 3.e3 c5 4.c3 Ne4 5.Bf4 Nc6 6.Bd3 Nf6 7.Nf3 e6 8.O-O Be7
9.Nbd2 O-O 10.Ne5 Nd7 11.Ndf3 Ndxe5 12.Nxe5 Nxe5 13.Bxe5  1/2-1/2

[Event "13th Festival A"]
[Site "Zupanja CRO"]
[Date "2007.01.07"]
[Round "6"]
[White "Drazic,S"]
[Black "Ivanov,Stoi"]
[Result "1-0"]
[WhiteElo "2483"]
[BlackElo "2201"]

1.d4 Nf6 2.Bg5 g6 3.Bxf6 exf6 4.e3 Bg7 5.c4 O-O 6.Nc3 f5 7.g3 d6 8.Bg2 Nd7
9.Nge2 Rb8 10.O-O Nf6 11.b4 Re8 12.Qd3 h5 13.Rab1 h4 14.Rfc1 hxg3 15.hxg3 Ng4
16.c5 Qg5 17.Nb5 Qh5 18.Nxc7 Qh2+ 19.Kf1 Bd7 20.cxd6 f4 21.e4 Ne3+ 22.fxe3 fxg3
23.Ng1 Re6 24.e5 Bxe5 25.dxe5 Rxe5 26.Rc5 Bf5 27.Qd1 Rxe3 28.Rxf5 gxf5 29.Nd5 Re6
30.Nf4 Re4 31.Ngh3 Rd8 32.Rc1 Rxf4+ 33.Nxf4 Qh8 34.Qd3 Kf8 35.Qxg3 Qb2 36.Qc3  1-0